000 00893nam a2200265Ia 4500
003 OSt
005 20221005062258.0
006 a|||||r|||| 00| 0
007 ta
008 221004b |||||||| |||| 00| 0 eng d
020 _a9781138545717 (hbk)
_cUKP 115.00
024 _a44239
037 _b1700, 15/03/2019, Bright Book Service
_cTextual
040 _aCRL
_cCRL
_beng
041 _2eng
_aeng
082 _aO11195:g, Q8
100 _aClassen Albrecht Au.
_9601624
245 0 _aTolration and tolerance in medieval and early modern european literature
260 _aLondon
_bRoutledge UK
_c2018
300 _aviii,329p.
_ccm.
490 _aRoutledge studies in medieval literature and culture
650 _aEUROPEAN LITERATURE
_917206
942 _hO11195:g, Q8
_cTEXL
_2cc
999 _c969434
_d969434